| 000 | 00725nam a2200229 a 4500 | ||
|---|---|---|---|
| 001 | 2943 | ||
| 003 | CDMR | ||
| 005 | 20151026104202.0 | ||
| 008 | 130130s2010||||||||||||||||||||||||||||d | ||
| 020 | _a9788439383031 | ||
| 040 |
_aCDMR _bcat _cCPC LLEIDA |
||
| 245 | 0 | 0 |
_aNews agencies in the turbulent era of the Internet _cOliver Boyd-Barrett (editor) |
| 260 |
_aBarcelona _c2010 _bGeneralitat de Catalunya |
||
| 300 | _a313 p. | ||
| 490 | 0 |
_aLexikon _v5 |
|
| 650 | 0 | 4 |
_91243 _aComunicació _xInnovacions tecnològiques |
| 650 | 0 | 4 |
_92190 _aComunicació internacional |
| 650 | 0 | 4 |
_91890 _aAgències de notícies |
| 700 | 1 |
_92165 _aBoyd-Barrett, Oliver _eed. |
|
| 710 | 2 |
_93028 _aAgència Catalana de Notícies |
|
| 942 |
_cMON _2udc |
||
| 999 |
_c2943 _d2943 |
||